Ariana Grande - Chansons commençant par L - Statistiques

Statistiques générales
  • Ce quiz a été pris 23 fois
  • Le résultat moyen est 4 sur 8
Statistiques - réponses
L % Correct
Let Me Love You
89%
Leave Me Lonely
83%
Love Me Harder
56%
Love Language
39%
Lovin'it
39%
The Light Is Coming
39%
Love Is Everything
28%
Last Christmas
17%
Aucun quiz correspondant
Distribution des résultats
% des personnes avec chaque résultat
Percentile par nombre de réponses
Votre historique - résultats
Vous n’avez pas pris ce quiz